[Event "Panamericano Continental Femenino 2014"]
[Site "Centro de Convenciones. Palmira - Valle del Cauca - Colombia"]
[Date "2014.09.06"]
[Round "9"]
[White "Mateus Urbano, Martha"]
[Black "Bermudez Veliz, Josselyn"]
[Result "0-1"]
[WhiteElo "2127"]
[BlackElo "1733"]
[EventDate "2014.09.01"]
[Board "1"]
[PlyCount "140"]
[EventRounds "9"]
[EventCountry "COL"]

1.e4 c5 2.c3 d5 3.exd5 Qxd5 4.d4 Nc6 5.Nf3 e6 6.Bd3 Nf6 7.O-O Be7 8.dxc5 
Bxc5 9.Qe2 O-O 10.Bg5 Be7 11.Rd1 Qa5 12.Nbd2 Qc7 13.Nc4 Bd7 14.h4 h5 15.
Nfe5 g6 16.Bxf6 Bxf6 17.Nxd7 Qxd7 18.Bxg6 Qe7 19.Bc2 Kg7 20.Rd3 Bxh4 21.
Rh3 Rh8 22.Qe4 Bf6 23.Re1 Rag8 24.b4 a6 25.a4 Kf8 26.Bd1 Rg5 27.f4 Rg7 28.
Qd3 h4 29.Ne3 Rhg8 30.Bf3 Qc7 31.Qc4 Qb6 32.Kh1 Rg3 33.Rh2 Be7 34.Nf1 Rxf3
35.Nd2 Rfg3 36.Ne4 R3g4 37.Rf1 h3 38.g3 Nd8 39.Re1 Qc6 40.Qb3 b5 41.axb5 
axb5 42.Kg1 f5 43.Rxh3 fxe4 44.Kh2 Qb6 45.Qc2 Qc6 46.Rxe4 Bf6 47.Re3 Qd5 
48.Rd3 Qf5 49.Qd2 Nf7 50.Rd7 Rh8 51.Rxh8+ Bxh8 52.Qf2 Rg6 53.Qa7 Qh5+ 54.
Kg2 Qe2+ 55.Qf2 Qxf2+ 56.Kxf2 Bxc3 57.Rb7 Nd6 58.Rb8+ Ke7 59.Kf3 Bxb4 60.
g4 Bc3 61.Rb6 b4 62.g5 Kd7 63.Kg4 Kc7 64.Ra6 Bd2 65.Ra2 Bc3 66.Kh5 Rg8 67.
g6 b3 68.Rg2 b2 69.Rg1 Rb8 70.g7 Bxg7 0-1

[Event "Panamericano Continental Femenino 2014"]
[Site "Centro de Convenciones. Palmira - Valle del Cauca - Colombia"]
[Date "2014.09.06"]
[Round "9"]
[White "Franco Valencia, Angela"]
[Black "Franco Valencia, Beatriz Irene"]
[Result "0-1"]
[WhiteElo "2208"]
[BlackElo "2204"]
[EventDate "2014.09.01"]
[Board "2"]
[PlyCount "62"]
[EventRounds "9"]
[EventCountry "COL"]

1.e4 c6 2.d4 g6 3.g3 Bg7 4.Bg2 d5 5.exd5 cxd5 6.Nf3 Nc6 7.O-O Bg4 8.c3 Qd7
9.Re1 Nh6 10.Bf4 f6 11.Qd3 O-O 12.Nbd2 Nf7 13.Qf1 e5 14.dxe5 fxe5 15.Be3 
d4 16.cxd4 exd4 17.Bf4 d3 18.h3 Be6 19.Ne4 b6 20.Nc3 Rad8 21.Rad1 Nb4 22.
Rxe6 Qxe6 23.a3 Nc6 24.Rxd3 Rxd3 25.Qxd3 Rd8 26.Qc2 Nd4 27.Nxd4 Qe1+ 28.
Kh2 Bxd4 29.Nd1 Bc5 30.Bf3 a5 31.Bc7 Rd2 0-1

[Event "Panamericano Continental Femenino 2014"]
[Site "Centro de Convenciones. Palmira - Valle del Cauca - Colombia"]
[Date "2014.09.06"]
[Round "9"]
[White "Richards, Deborah"]
[Black "Romero Echeverria, Abigail"]
[Result "1-0"]
[WhiteElo "2042"]
[BlackElo "2089"]
[EventDate "2014.09.01"]
[Board "3"]
[PlyCount "93"]
[EventRounds "9"]
[EventCountry "COL"]

1.b3 Nf6 2.Bb2 d5 3.Nf3 c5 4.e3 g6 5.d4 cxd4 6.Nxd4 Bg7 7.Be2 O-O 8.O-O 
Nc6 9.Nf3 Bg4 10.h3 Bf5 11.Nbd2 Qc7 12.c4 Rad8 13.Rc1 dxc4 14.Rxc4 Qa5 15.
Qc1 Rd7 16.a3 Qd8 17.b4 Be6 18.Rc5 a6 19.Rc2 Bf5 20.Rc4 e5 21.Rd1 Be6 22.
Rc5 Nd5 23.Ne4 f6 24.Rxc6 bxc6 25.Nc5 Rd6 26.Nxe6 Rxe6 27.e4 Nf4 28.Bc4 
Qe7 29.Qd2 Kh8 30.Bxe6 Qxe6 31.Qd7 Qb3 32.Bc1 Ne2+ 33.Kh2 Qc4 34.Be3 Qxe4 
35.Qe7 Qc4 36.Rd7 Qg8 37.Nd2 f5 38.Nc4 Re8 39.Qc5 h6 40.Nd6 Qe6 41.Qa7 Rg8
42.Nf7+ Kh7 43.Bxh6 Qf6 44.Bg5 Qe6 45.Nh6 e4 46.Nxg8 Qxg8 47.Bf6 1-0

[Event "Panamericano Continental Femenino 2014"]
[Site "Centro de Convenciones. Palmira - Valle del Cauca - Colombia"]
[Date "2014.09.06"]
[Round "9"]
[White "Orozco Lopez, Lina Yomayra"]
[Black "Perez Rodriguez, Jennifer"]
[Result "1-0"]
[WhiteElo "2138"]
[BlackElo "2225"]
[EventDate "2014.09.01"]
[Board "4"]
[PlyCount "49"]
[EventRounds "9"]
[EventCountry "COL"]

1.e4 e5 2.Nf3 Nc6 3.Bb5 f5 4.d4 fxe4 5.Bxc6 dxc6 6.Nxe5 Nf6 7.Bg5 Bd6 8.
Ng4 O-O 9.Nc3 Qe8 10.Ne3 Nd5 11.Qd2 Qg6 12.Nexd5 cxd5 13.O-O-O c6 14.Kb1 
Bd7 15.Rdf1 Rf5 16.h4 Raf8 17.Nd1 Bf4 18.Bxf4 Rxf4 19.g3 Rf3 20.Qa5 a6 21.
Qc7 R8f7 22.Qb6 Bg4 23.Ne3 Bc8 24.Nd1 Qe6 25.a4 1-0

[Event "Panamericano Continental Femenino 2014"]
[Site "Centro de Convenciones. Palmira - Valle del Cauca - Colombia"]
[Date "2014.09.06"]
[Round "9"]
[White "Rivera Banqueth, Ingris"]
[Black "Cardoso Cardoso, Jaidy Marcela"]
[Result "1-0"]
[WhiteElo "2221"]
[BlackElo "1708"]
[EventDate "2014.09.01"]
[Board "5"]
[PlyCount "71"]
[EventRounds "9"]
[EventCountry "COL"]

1.d4 d5 2.c4 e6 3.Nc3 Nf6 4.Nf3 Be7 5.e3 Nbd7 6.Bd3 O-O 7.O-O b6 8.b3 Bb7 
9.Bb2 Ne4 10.Qc2 Ndf6 11.Ne5 Nxc3 12.Bxc3 Ne4 13.Bb2 f6 14.cxd5 fxe5 15.
Bxe4 exd5 16.Bxh7+ Kh8 17.dxe5 c5 18.Bg6 Bg5 19.Qe2 Bh6 20.Qh5 d4 21.exd4 
Qd5 22.f3 cxd4 23.Rad1 Kg8 24.Be4 Qd7 25.e6 Qe7 26.Bd3 Qg5 27.Qxg5 Bxg5 
28.Bc4 Kh8 29.Bxd4 Rfe8 30.f4 Bf6 31.Bxf6 gxf6 32.Rd7 Bc8 33.Rd6 Kg7 34.f5
Re7 35.Rf4 Kh6 36.Rg4 1-0

[Event "Panamericano Continental Femenino 2014"]
[Site "Centro de Convenciones. Palmira - Valle del Cauca - Colombia"]
[Date "2014.09.06"]
[Round "9"]
[White "Viveros Torres, Erica Johana"]
[Black "Cayon, Laura Valentina"]
[Result "1/2-1/2"]
[WhiteElo "1560"]
[BlackElo "1650"]
[EventDate "2014.09.01"]
[Board "6"]
[PlyCount "22"]
[EventRounds "9"]
[EventCountry "COL"]

1.e4 e6 2.d4 d5 3.Nd2 Nf6 4.e5 Nfd7 5.Bd3 c5 6.c3 Nc6 7.Ne2 cxd4 8.cxd4 f6
9.exf6 Nxf6 10.O-O Bd6 11.Nf3 Qc7 1/2-1/2